00539nam a2200157 a 450000100080000000500110000800800410001910000200006024500900008026001180017065000090028870000200029770000230031770000210034070000200036116917552012-05-09 2009 bl uuuu u00u1 u #d1 aBENDAHAN, A. B. aAvaliação do sombreamento na produção de soja BRS Tracajá em Savanas de Roraima. aIn: Semana da Integração Universitária: IX EPIC / VII ENEX / IV, 2009, Roraima, Resumos... Roraima: UFRRc2009 aSoja1 aCOSTA, N. de L.1 aMEDEIROS, R. D. de1 aVILARINHO, A. A.1 aVOGEL, V. K. S.